Expository preaching : (Record no. 8687)

MARC details
000 -LEADER
fixed length control field 00935cam a2200265 a 4500
001 - CONTROL NUMBER
control field 1598244
003 - CONTROL NUMBER IDENTIFIER
control field GBCCL
005 - DATE AND TIME OF LATEST TRANSACTION
control field 20241126110656.0
008 - FIXED-LENGTH DATA ELEMENTS--GENERAL INFORMATION
fixed length control field 940815s1995 tnu b 001 0 eng
010 ## -
-- 94035074
020 ## - INTERNATIONAL STANDARD BOOK NUMBER
International Standard Book Number 0805421165 :
Terms of availability $24.99
040 ## - CATALOGING SOURCE
Original cataloging agency DLC
Transcribing agency DLC
Modifying agency DLC
050 00 -
-- BV4211.2
-- .B77 1995
082 00 - DEWEY DECIMAL CLASSIFICATION NUMBER
Classification number 251
Edition information 20
Item number BRY
100 1# - MAIN ENTRY--PERSONAL NAME
Personal name Bryson, Harold T.
9 (RLIN) 15344
245 10 - TITLE STATEMENT
Title Expository preaching :
Remainder of title the art of preaching through a book of the Bible /
Statement of responsibility, etc. Harold T. Bryson.
260 ## - PUBLICATION, DISTRIBUTION, ETC.
Place of publication, distribution, etc. Nashville, Tenn. :
Name of publisher, distributor, etc. Broadman & Holman,
Date of publication, distribution, etc. c1995.
300 ## - PHYSICAL DESCRIPTION
Extent vii, 437 p. ;
Dimensions 24 cm.
504 ## - BIBLIOGRAPHY, ETC. NOTE
Bibliography, etc. note Includes bibliographical references (p. 409-418) and indexes.
630 00 - SUBJECT ADDED ENTRY--UNIFORM TITLE
Uniform title Bible
General subdivision Homiletical use.
9 (RLIN) 1148
650 #0 - SUBJECT ADDED ENTRY--TOPICAL TERM
Topical term or geographic name entry element Expository preaching.
9 (RLIN) 1166
906 ## - LOCAL DATA ELEMENT F, LDF (RLIN)
a 7
b cbc
c orignew
d 1
e ocip
f 19
g y-gencatlg
942 ## - ADDED ENTRY ELEMENTS (KOHA)
Source of classification or shelving scheme Dewey Decimal Classification
Koha item type Books
Koha issues (borrowed), all copies 1
Holdings
Withdrawn status Lost status Source of classification or shelving scheme Damaged status Not for loan Home library Current Library Shelving location Date acquired Total checkouts Total renewals Full call number Barcode Date last seen Date last checked out Copy number Price effective from Koha item type
    Dewey Decimal Classification     GRACE BIBLE COLLEGE GRACE BIBLE COLLEGE Ministry & Mission 2021-08-10 3 4 251 BRY 015144 2025-10-10 2025-10-06 c.1 2021-08-10 Books
    Dewey Decimal Classification     GRACE BIBLE COLLEGE GRACE BIBLE COLLEGE Ministry & Mission 2022-04-25     251 BRY 015513 2025-05-01   c.2 2022-04-25 Books
© Grace Bible College Library 2025